Countries of Africa Ranked by Size - Statistics

General Stats
  • This quiz has been taken 126 times
  • The average score is 46 of 54
Answers on the Map
Answers color-coded by a green-red scale on the quiz's map according to % correct below.
 
Answer Stats
Rank Letter Answer % Correct
1 A Algeria
100%
2 D Democratic Republic of the Congo
100%
5 C Chad
99%
4 L Libya
99%
3 S Sudan
99%
6 N Niger
98%
9 S South Africa
98%
7 A Angola
97%
12 E Egypt
96%
10 E Ethiopia
96%
8 M Mali
96%
11 M Mauritania
94%
16 M Mozambique
94%
14 N Nigeria
94%
17 Z Zambia
94%
22 B Botswana
93%
26 Z Zimbabwe
93%
23 K Kenya
92%
15 N Namibia
92%
18 S South Sudan
92%
13 T Tanzania
92%
21 M Madagascar
89%
19 S Somalia
89%
20 C Central African Republic
87%
30 G Gabon
86%
31 G Guinea
86%
28 I Ivory Coast
86%
24 C Cameroon
84%
32 G Ghana
84%
25 M Morocco
84%
33 U Uganda
84%
29 B Burkina Faso
82%
27 R Republic of the Congo
81%
35 T Tunisia
80%
37 E Eritrea
78%
38 B Benin
77%
39 L Liberia
76%
36 M Malawi
76%
34 S Senegal
76%
41 T Togo
76%
44 E Equatorial Guinea
74%
42 G Guinea-Bissau
74%
43 L Lesotho
74%
48 E Eswatini
73%
40 S Sierra Leone
73%
45 B Burundi
72%
50 C Cape Verde
72%
47 D Djibouti
72%
46 R Rwanda
72%
53 S Sao Tome and Principe
72%
51 C Comoros
71%
52 M Mauritius
71%
49 G Gambia
69%
54 S Seychelles
69%
No matching quizzes found
Score Distribution
Percent of People with Each Score
Percentile by Number Answered
Your Score History
You have not taken this quiz